|
|
|
|
| LEADER |
01938nam a22004572i 4500 |
| 001 |
001541797 |
| 003 |
CZ BrMZK |
| 005 |
20170316135611.0 |
| 007 |
ta |
| 008 |
160906s1984 xr er|||||||||||cze d |
| 015 |
|
|
|a cnb000022760
|
| 040 |
|
|
|a BOA001
|b cze
|e rda
|
| 043 |
|
|
|a e-xr---
|b e-xr-st
|2 czenas
|
| 045 |
|
|
|a w8x8
|
| 072 |
|
7 |
|a 373.5
|x Střední školy
|2 Konspekt
|9 22
|
| 080 |
|
|
|a 373.5/.6+377.1/.3
|2 MRF
|
| 080 |
|
|
|a 373.5-057.8
|2 MRF
|
| 080 |
|
|
|a (437.312)
|2 MRF
|
| 080 |
|
|
|a (082.2)
|2 MRF
|
| 245 |
0 |
0 |
|a 100 let zahradnické školy v Mělníku 1885-1985 :
|b seznam absolventů Státní vyšší ovocnicko-vinařské a zahradnické školy v letech 1925-1949, Vyšší zahradnické školy v letech 1950-1952, Střední zemědělské technické školy, obor zahradnictví od roku 1953 /
|c uspořádal Václav Hurych
|
| 246 |
3 |
|
|a Sto let zahradnické školy v Mělníku 1885-1985
|
| 250 |
|
|
|a 1. vydání
|
| 264 |
|
1 |
|a Praha :
|b Státní zemědělské nakladatelství,
|c 1984
|
| 300 |
|
|
|a 46 stran
|
| 336 |
|
|
|a text
|b txt
|2 rdacontent
|
| 337 |
|
|
|a bez média
|b n
|2 rdamedia
|
| 338 |
|
|
|a svazek
|b nc
|2 rdacarrier
|
| 550 |
|
|
|a Vydavatel: SZTŠ obor zahradnictví v Mělníku
|
| 610 |
2 |
7 |
|a Střední zahradnická škola (Mělník, Česko)
|7 ko2006325542
|2 czenas
|
| 648 |
|
4 |
|a 1885-1985
|
| 648 |
|
7 |
|a 19.-20. století
|7 ch757015
|2 czenas
|
| 650 |
0 |
7 |
|a střední školy
|7 ph116320
|z Česko
|y 19.-20. století
|2 czenas
|
| 650 |
0 |
7 |
|a absolventi středních škol
|7 ph118241
|z Česko
|y 19.-20. století
|2 czenas
|
| 651 |
|
7 |
|a Mělník (Česko)
|7 ge130126
|2 czenas
|
| 655 |
|
7 |
|a jubilejní publikace
|7 fd131839
|2 czenas
|
| 700 |
1 |
|
|a Hurych, Václav,
|d 1926-2014
|7 mzk2003184857
|4 com
|
| 710 |
2 |
|
|a Střední zemědělská technická škola (Mělník, Česko)
|4 isb
|
| 910 |
|
|
|a BOA001
|b X-0877.167
|
| 990 |
|
|
|a BK
|
| 991 |
|
|
|b 201609
|
| 996 |
6 |
|
|b 2619172500
|c X-0877.167
|l MZK
|r Sklad / do 24 hodin
|n 0
|w 001576931
|u 000010
|a 1
|e BOA001
|j MZK50
|s P
|